Africa-EU Renewable Energy Research and Innovation Symposium 2018 (RERIS 2018) (Record no. 13907)
[ view plain ]
| 000 -LEADER | |
|---|---|
| fixed length control field | 00655nam a2200121Ia 4500 |
| 008 - FIXED-LENGTH DATA ELEMENTS--GENERAL INFORMATION | |
| fixed length control field | 220615s9999||||xx |||||||||||||| ||und|| |
| 245 #0 - TITLE STATEMENT | |
| Title | Africa-EU Renewable Energy Research and Innovation Symposium 2018 (RERIS 2018) |
| Remainder of title | 23–26 January 2018, National University of Lesotho On occasion of NULISTICE 2018 |
| 546 ## - LANGUAGE NOTE | |
| Language note | English[eng] |
| 650 ## - SUBJECT ADDED ENTRY--TOPICAL TERM | |
| Topical term or geographic name entry element | Energy||Renewable energy resources||Energy policy||Energy and state||Power electronics||Africa—Economic conditions||Sustainable development |
| 700 ## - ADDED ENTRY--PERSONAL NAME | |
| Personal name | Mpholo, Moeketsi||Steuerwald, Dirk||Kukeera, Tonny |
| 856 ## - ELECTRONIC LOCATION AND ACCESS | |
| Uniform Resource Identifier | <a href="https://library.oapen.org/bitstream/20.500.12657/23054/1/1007104.pdf">https://library.oapen.org/bitstream/20.500.12657/23054/1/1007104.pdf</a> |
| 942 ## - ADDED ENTRY ELEMENTS (KOHA) | |
| Koha item type | E-Books |
| Withdrawn status | Lost status | Damaged status | Not for loan | Home library | Current library | Date acquired | Total Checkouts | Date last seen | Price effective from | Koha item type |
|---|---|---|---|---|---|---|---|---|---|---|
| Kerala University of Digital Sciences, Innovation and Technology Knowledge Centre | Kerala University of Digital Sciences, Innovation and Technology Knowledge Centre | 15/06/2022 | 15/06/2022 | 15/06/2022 | E-Books |